01409nab a22002537a 4500999001500000003000400015005001700019008004100036040000700077100003100084245012600115300001300241500003600254505038300290505009600673650003500769650005500804650003600859650002000895650003600915650003500951773015600986942001301142 c5754d5754OSt20260101234223.0190514b xxu||||| |||| 00| 0 spa d cPJ 96668aMartino, Carolina B.10aImplicancias negativas del fallo emitido por la Corte Suprema sobre gestación por sustitución /cCarolina B. Martino. ap. 64-70 aCita: TR LALEY AR/DOC/876/2025. aSumario: I. Hechos del caso.— II. Decisiones de los tribunales de primera y segunda instancia.— III. El recurso de queja de los actores.— IV. La decisión de la Corte.— V. Problemáticas jurídicas e interpretativas en juego.— VI. La exclusión de las parejas homosexuales masculinas del acceso a la gestación por sustitución.— VII. Breve reflexión final.  tFallo comentado: CS ~ 22/10/2024 ~ S., I. N. c. A., C. L. s/ impugnación de filiación. 091497aCODIGO CIVIL Y COMERCIAL 094292aTÉCNICAS DE REPRODUCCIÓN HUMANA ASISTIDA 094486aGESTACION POR SUSTITUCION 091004aFILIACION 09699aFALLOS DE LA CORTE SUPREMA 091057aJURISPRUDENCIA APLICABLE0 0284493222dBuenos Aires : AbeledoPerrot, 1989-tDerecho de familia. Revista Interdisciplinaria de doctrina y jurisprudencia. Junio 2025-III.z18511201 2udccANA